000 00908cab a2200265 4500
001 ABS51856
008 090401t1994 xxu||||| |||| 00| 0 eng d
035 _a(Sirsi) u47148
041 _aeng
245 _aAlternative land use
260 _c1994
350 _a0
490 _aFarm Development Review
_v9(1) November 1994 (LOAN)
520 _aIncludes contributions on energy farming, activity holiday breaks, farm holiday accommodation prices and booking, grants for processing and marketing agricultural produce, the farm diversification survey and the costs of diversification according to "Farm Management Pocketbook" (Nix
650 _aCOSTS
650 _aENERGY CROPS
650 _aFARM DIVERSIFICATION
650 _aFARM HOLIDAYS
650 _aFARM INCOMES
650 _aHOLIDAY ACCOMMODATION
650 _aTOURISM
690 _aRURAL PRACTICE
942 _n0
948 _c04/03/1997
999 _c29738
_d29738